Welcome to the Holygrace Academy Library

Please use search bar below to get started

MATHEMATICS CCE SERIES (Record no. 756)

MARC details
000 -LEADER
fixed length control field 00312nam a22001337a 4500
020 ## - INTERNATIONAL STANDARD BOOK NUMBER
ISBN 938101501-5
082 ## - DEWEY DECIMAL CLASSIFICATION NUMBER
Classification number 510
Item number XAM/M
100 ## - MAIN ENTRY--AUTHOR NAME
Personal name XAM IDEA
245 ## - TITLE STATEMENT
Title MATHEMATICS CCE SERIES
Remainder of title CLASS X
260 ## - PUBLICATION, DISTRIBUTION, ETC. (IMPRINT)
Place of publication DELHI
Name of publisher V K GLOBAL PUBLICATIONS
Year of publication 2014
300 ## - PHYSICAL DESCRIPTION
Number of Pages 396
650 ## - SUBJECT ADDED ENTRY--TOPICAL TERM
Topical Term MATHS FOR CLASS X
Geographic subdivision INDIA
942 ## - ADDED ENTRY ELEMENTS (KOHA)
Koha item type Books
Holdings
Withdrawn status Lost status Collection code Home library Current library Shelving location Date acquired Source of acquisition Cost, normal purchase price Full call number Accession Number Koha item type
    Reference Main Library Main Library SHELF-8 B CLASS X-MATHS 21/05/2019 purchase 275.00 510 XAM/M 11131 Books